De Adaneva a Inkarri: una visión indígena del Perú
Salvato in:
| Autore principale: | |
|---|---|
| Natura: | Libro |
| Lingua: | spagnolo |
| Pubblicazione: |
Lima
Retablo de papel
1973
|
| Soggetti: | |
| Tags: |
Aggiungi Tag
Nessun Tag, puoi essere il primo ad aggiungerne!!
|
MARC
| LEADER | 00000nam a2200000 a 4500 | ||
|---|---|---|---|
| 001 | UCO3253 | ||
| 003 | CL-VaPUC | ||
| 008 | 000714e19730000PE |||||||||||||||||spa|d | ||
| 082 | 0 | 4 | |a 985.004 |b ORT |2 21 |
| 100 | |a Ortiz Rescaniere, Alejandro |e autor |9 447268 | ||
| 245 | 1 | 0 | |a De Adaneva a Inkarri: una visión indígena del Perú |
| 300 | |a 189 p | ||
| 942 | |c BK | ||
| 945 | |d 20000714 00:00:00 |a rherrera | ||
| 260 | |a Lima |b Retablo de papel |c 1973 | ||
| 650 | 0 | |a Historia de Perú |9 316239 | |
| 650 | 0 | |a Indios de América del Sur |9 255272 | |
| 650 | 7 | |a INCAS |2 CL-VaPUC |9 256565 | |
| 650 | 0 | |a Pueblos de América |9 446252 | |
| 650 | 7 | |a INDIGENISMO AMERICANO |2 CL-VaPUC |9 447269 | |
| 651 | 0 | |a Perú |9 256567 | |
| 651 | 0 | |a Los Andes |9 359419 | |
| 583 | |a last modification |c 20000714 00:00:00 |k Rodrigo Vera | ||
| 999 | |c 289721 |d 289719 | ||
| 952 | |0 0 |1 0 |4 0 |6 985_004000000000000_ORT_1973 |7 0 |8 A |9 338338 |a BIBHIS |b BIBHIS |d 2019-11-20 |i 1297198 |o 985.004 ORT 1973 |p 1297198 |r 2025-01-20 |w 2019-11-20 |y BK |k HIS | ||